| 000 | 00688nam a22001577a 4500 | ||
|---|---|---|---|
| 003 | OSt | ||
| 005 | 20151007153453.0 | ||
| 008 | 151007b xxu||||| |||| 00| 0 eng d | ||
| 040 | _cRUA | ||
| 082 | _aAVM CHE 2007 B080 Or.1 | ||
| 100 |
_92293 _aCHEA, MANIT. |
||
| 245 | _aThe effectiveness of villlage livestock agent creating at kandal steung district, kandal province, ប្រសិទ្ធផាបនៃការបង្កើតភ្នាក់ងារពេទ្យសត្វភូមិ នៅស្រុកកណ្តាលស្ទឹង ខេត្តកណ្តាល | ||
| 260 |
_aPhnom Penh _b RUA _c20080 |
||
| 300 |
_aix; 41p. _bill. _c29cm. |
||
| 942 |
_2ddc _cAVM |
||
| 999 |
_c2160 _d2160 |
||